[Event "Mitropa Cup 19th"]
[Site "Baden"]
[Date "1999.04.10"]
[Round "9"]
[White "Jenni, Florian"]
[Black "Naumann, Alexander"]
[Result "1-0"]
[WhiteElo "2394"]
[BlackElo "2480"]
[Annotator "Atlas,V"]
[PlyCount "115"]
[EventDate "1999.04.??"]
[EventType "team-tourn"]
[EventRounds "9"]
[EventCountry "SUI"]
[Source "ChessBase"]
[SourceDate "1999.08.01"]

1. e4 c5 2. Nf3 d6 3. d4 cxd4 4. Nxd4 Nf6 5. Nc3 a6 6. Be3 Ng4 7. Bg5 h6 8. Bh4
g5 9. Bg3 Bg7 10. Be2 h5 11. Bxg4 hxg4 12. O-O e6 $6 {Denying the possibility
of intrusion for White's knights, Black tries to decrease White's attacking
potential. However this new move has serious drawbacks and will barely find
many adherents. By consequent play White managed to bring the idea behind 12...
e6  into challenge.} (12... Nc6 $5 {is more common in this position:} 13. Nf5
Bxf5 14. exf5 Bxc3 15. bxc3 Ne5 16. Bxe5 dxe5 17. Qxg4 f6 18. Qe4 $1 $14 (18.
g3 Qc7 19. Rab1 b5 20. c4 Kf7 21. Rb4 Qc5 22. cxb5 axb5 23. a4 bxa4 24. Rxa4
Qxc2 25. Rxa8 Rxa8 26. Qh5+ Kg7 27. Qg6+ Kf8 {1/2-1/2 Miranovic,R-Ruck,R/
HUN-chT1 1995}) 18... Qc7 19. Rab1 O-O-O 20. g3 $14 {1-0 Apicella,M-Gallagher,
J/France 1997 (37)}) (12... Bxd4 {was played in Shirov,A-Salov,V/Wijk aan Zee
1998, which saw} 13. Qxd4 f6 14. Nd5 Nc6 15. Qe3 Be6 16. Nb6 Rb8 17. c4 Kf7 18.
c5 dxc5 19. Qxc5 Qg8 20. f4 gxf3 21. Rxf3 Rd8 22. Raf1 Qg6 23. Nd5 Qxe4 24.
Nxe7 Qd4+ 25. Bf2 Qxc5 26. Bxc5 Rh6 27. h4 gxh4 28. Be3 Ne5 29. R3f2 Rh5 30.
Rxf6+ Kxe7 31. Bc5+ Rd6 32. Bxd6+ Kxd6 33. b3 Rg5 34. Rh6 Ke7 35. Rxh4 Bd5 36.
Rf2 Nf3+ {0-1. This game was annotated in CBM 63.}) 13. Re1 $1 Be5 14. Re3 {
This lifting of the rook will play a decisive role in the further stage of the
game. White will be able to use this rook both along d-file and against the
g4-pawn.} ({Black's plan will be justified after} 14. Bxe5 $6 dxe5 15. Nb3 Qxd1
16. Raxd1 Nc6 17. Na4 Ke7 {with a convenient play for Black.}) 14... Nd7 15.
Nb3 {The g4-pawn is attacked.} Bxg3 (15... Nf6 16. Bxe5 dxe5 17. Rd3 Qe7 18.
Qd2 Nh5 19. Rd1 $36) 16. Rxg3 Ne5 (16... Nf6 17. Rd3 {and Black cannot protect
the pawn at d6.}) 17. Qd4 f6 {Black has to sustain the knight:} (17... Ke7 18.
Rd1 {would likely lead to the transposition of moves.}) 18. Rd1 Ke7 19. Nc1 $1
{Intending to exchange the most active Black's piece and the only defender of
the g4-pawn.} Qc7 20. Nd3 Bd7 ({Black has no time to employ his rook for
protection of the vulnerable g4-pawn, since after} 20... Rh4 21. Nxe5 dxe5 22.
Qb4+ Kf7 23. Rgd3 $1 {he cannot complete develompent.}) 21. Nxe5 dxe5 22. Qb4+
Kf7 23. Rxg4 {White's strategy yielded him an extra pawn and positional edge.
Yet, the realization of the advantage is attended with palpable difficulties.}
Bc6 24. Rg3 Rad8 25. Rdd3 Rxd3 26. Rxd3 Rd8 27. Qc4 $1 Rxd3 28. Qxd3 Qb6 29. b3
Qc5 30. a4 Qa3 31. f3 (31. h3 $2 Qc1+ 32. Nd1 Bxe4) 31... Qc5+ 32. Kf1 b5 33.
axb5 axb5 34. Ne2 b4 35. c4 bxc3 {If Black does not take on c3, White may play
Ne2-c1-a2, Qd3-d2 and another Black's pawn will fall.} 36. Qxc3 {[%cal Gb3b4]}
(36. Nxc3 $5 Ke7 (36... Qa3 37. Qc4 Qc1+ 38. Kf2 Qd2+ 39. Ne2) 37. g3 {
inteding to create another passed pawn. After the text Black pieces become
more active.}) 36... Qb6 37. b4 Bb5 38. Qd2 (38. Qc5 Qa6 {and White's queen
has to retreat.}) 38... Qa6 (38... Ke7 $5) 39. Ke1 Kg6 40. Nc3 Qa1+ 41. Nd1 Ba4
42. Ke2 Bxd1+ $6 ({Instead Black should have given a try to} 42... Bb5+ 43. Kf2
Qd4+ 44. Qxd4 exd4 {and it is not easy for White to enter his knight into play.
Queen ending promises less chances to rescue the game.}) 43. Qxd1 Qb2+ 44. Qd2
Qb1 45. Kf2 Qb3 46. h3 $1 {[%cal Gf2g1,Gg1h2] Preparing an asylym for the
white king.} Qb1 47. Qc3 Kh5 48. Qc4 Qb2+ 49. Kg1 Kh4 50. Kh2 Qd2 51. Qc5 {Now
the passed pawn is ready to advance. Similar technique of preventing the
perepetual check was used in the recent game Kasparov,G-Sokolov,I/Sarajevo BIH
1999.} Qe1 52. b5 Qg3+ 53. Kh1 f5 $2 ({After} 53... Qe1+ 54. Qg1 Qb4 55. Qf2+
Kh5 56. b6 ({it is premature to play} 56. Qa7 Kg6 57. b6 $6 {since after} Qe1+
58. Kh2 g4 $1 (58... Qe3 59. Qc7 g4 60. b7 g3+ 61. Kxg3 Qf4+ 62. Kf2 Qd2+ 63.
Kg1 Qe3+ 64. Kh1 $18) 59. fxg4 Qxe4 {White will have to answer} 60. Qa2 (60. b7
Qf4+ 61. Kg1 (61. g3 Qd2+) (61. Kh1 Qc1+ 62. Qg1 Qb2) 61... Qc1+ 62. Kf2 Qd2+)
60... Qf4+ 61. g3 Qb4 62. Qf2 {with unclear outcome.}) 56... Kg6 57. Qe3 {
White's task would be much more laborious. Now Black is lost.}) 54. Qe3 f4 55.
Qd2 g4 56. hxg4 (56. Qd8+ {wins as well, but after taking the pawn Black's
queen cannot escape the exchange.}) 56... Kg5 57. Kg1 $1 Kg6 58. Qf2 1-0

[Event "Mitropa Cup 19th"]
[Site "Baden"]
[Date "1999.04.10"]
[Round "9"]
[White "Kindermann, Stefan"]
[Black "Brunner, Lucas"]
[Result "1/2-1/2"]
[WhiteElo "2541"]
[BlackElo "2492"]
[PlyCount "59"]
[EventDate "1999.04.??"]
[EventType "team-tourn"]
[EventRounds "9"]
[EventCountry "SUI"]
[Source "ChessBase"]
[SourceDate "1999.08.01"]

1. e4 c6 2. d4 d5 3. e5 Bf5 4. Nf3 e6 5. a3 Nd7 6. Be2 Ne7 7. O-O h6 8. Nbd2 g5
9. Nb3 Bg7 10. Be3 Bg6 11. Ne1 Nf5 12. Nd3 h5 13. Bd2 b6 14. Qc1 Bh6 15. c4 Rc8
16. Qc3 O-O 17. Rac1 a5 18. a4 dxc4 19. Qxc4 Ne7 20. f3 Nd5 21. Nf2 f5 22. exf6
Qxf6 23. Ne4 Qg7 24. Nxg5 Bf5 25. h4 b5 26. axb5 N5b6 27. Qc3 Nd5 28. Qc4 N5b6
29. Qc3 Nd5 30. Qc4 1/2-1/2

[Event "Mitropa Cup 19th"]
[Site "Baden"]
[Date "1999.04.10"]
[Round "9"]
[White "Lehner, Oliver"]
[Black "Prie, Eric"]
[Result "0-1"]
[WhiteElo "2408"]
[BlackElo "2467"]
[Annotator "Mueller,Karsten"]
[PlyCount "82"]
[EventDate "1999.04.??"]
[EventType "team-tourn"]
[EventRounds "9"]
[EventCountry "SUI"]
[Source "ChessBase"]
[SourceDate "1999.08.01"]

1. e4 d5 2. exd5 Qxd5 3. Nc3 Qa5 4. d4 Nf6 5. Nf3 c6 6. Bc4 Bg4 7. h3 Bh5 8.
Bd2 e6 9. g4 Bg6 10. Qe2 Bb4 11. Ne5 Nbd7 12. O-O-O (12. Nxg6 hxg6 13. a3 Nd5
$11 {0-1 Neelotpal,D-Suvrajit,S/Nagpur IND 1999 (31)}) (12. a3 O-O-O 13. Nxg6
hxg6 14. O-O-O Bxc3 15. Bxc3 Qc7 16. Qf3 Nb6 17. Bb3 g5 18. Bd2 Rxd4 19. Bxg5
$14 {1-0 Cramling,P-Rogers,I/Biel 1984/MCL 02 (46)}) 12... O-O-O 13. h4 Nxe5 $5
14. dxe5 Rxd2 $5 {eine mutige Entscheidung von Prie, der meiner Meinung nach
ausreichende Kompensation für die Qualität erhält.} (14... Nd5 {kam auch in
Betracht:} 15. Nxd5 (15. h5 Bxc3 16. Bxc3 Nxc3 17. bxc3 Qxc3 18. Kb1 Be4 19.
Qxe4 Qb4+ $11) (15. Bxd5 $2 exd5 16. h5 $2 d4 $40) 15... cxd5 16. Bb3 h5 $11)
15. Qxd2 (15. Rxd2 $2 Bxc3 16. exf6 (16. bxc3 $2 Qxc3 17. Kb1 Ne4 18. Rdd1 Nc5
$19) 16... Bxd2+ 17. Qxd2 Qxd2+ 18. Kxd2 gxf6 19. Ke3 h6 $17) 15... Bxc3 (15...
Qxe5 16. h5 (16. f3 h5 17. g5 Nd5 18. Bxd5 exd5 $132) 16... Bxc3 (16... Be4 $6
17. Rh3 $1 $14) 17. Qxc3 (17. bxc3 Be4 $132) 17... Qxc3 18. bxc3 Be4 $44) 16.
bxc3 (16. Qxc3 Qxc3 17. bxc3 Nxg4 $11 {/=/+}) 16... Ne4 17. Qd7+ Kb8 {[%tqu
"Kann Weiß sich noch retten ?","Aktives Spiel ist nötig, damit die schwarzen
Figuren auch Verteidigungsaufgaben zu leisten haben...","Es ist ein Damenzug.",
Bb3,"",0,Qe7,"Die gut postierte Dame sichert  Weiß genügend Gegenspiel:",5]}
18. Bb3 $2 (18. Qe7 $1 Rc8 (18... Nxf2 $6 19. Rd7 Qb6 20. Rf1 Nxg4 21. Rfd1 a5
22. Ba6 $3 Qxa6 23. Rd8+ Ka7 (23... Rxd8 $2 24. Rxd8+ Ka7 25. Qc5+ Qb6 26. Ra8+
Kxa8 27. Qxb6 $18) 24. Qc5+ Qb6 25. Qxb6+ Kxb6 26. Rxh8 Nxe5 27. Rg8 $14) (
18... a6 $2 19. Rd7 Nc5 20. Rhd1 Nxd7 21. Rxd7 Qb6 22. h5 Be4 23. Qxf7 $18) (
18... c5 $2 19. Rd7 Ka8 (19... Qa3+ 20. Kb1 b5 21. Rhd1 Rc8 22. Rb7+ Ka8 23.
Qd7 Nxc3+ 24. Ka1 Rh8 25. Rxb5 $18) 20. Rhd1 Qa3+ (20... Rb8 21. Rd8 $18) 21.
Kb1 Nxc3+ 22. Ka1 a6 23. Rxb7 $16) (18... Nxc3 $6 19. Rd7 Qb6 20. Bb3 h5 $14)
19. f3 (19. Rd7 $6 Nc5 20. Qd6+ Ka8 21. Rc7 Qxc7 22. Qxc5 Be4 $15 {/-/+}) 19...
Qxc3 (19... Nxc3 20. Rd7 Qb6 21. Bb3 $132) (19... Nf2 $2 20. Rd7 Nxh1 21. Rxb7+
Ka8 22. h5 $18) 20. fxe4 Bxe4 21. Rh2 Qa1+ 22. Kd2 Qd4+ 23. Kc1 $11) 18... Qa3+
$19 19. Kb1 Nxc3+ 20. Ka1 Nxd1 (20... Be4 $5 21. Qxf7 $140 $4 Nxa2 $1 22. Bxa2
Qc3+ 23. Kb1 Qxc2+ 24. Ka1 Qc3#) (20... Bxc2 $2 21. Qd6+ Qxd6 22. Rxd6 Bxb3 23.
axb3 Kc7 $13) 21. Rxd1 h5 22. f3 Qc5 23. Kb1 a6 (23... Qxe5 $5) 24. Rd6 $6 (24.
Qd6+ Qxd6 25. exd6 Kc8 26. g5 Kd7 $19) 24... Qxe5 25. g5 a5 26. Qe7 Qb5 27. Rd4
Qb6 28. Qd6+ Qc7 29. Qc5 e5 30. Rd1 Re8 31. a4 b6 32. Qe3 Kb7 33. Kb2 Bf5 34.
c3 Qe7 35. Rd2 f6 36. gxf6 Qxf6 37. Rg2 g6 38. Rd2 Qxh4 39. Qh6 Qf6 40. Bc4 Rh8
41. Qe3 h4 0-1

[Event "Mitropa Cup 19th"]
[Site "Baden"]
[Date "1999.04.10"]
[Round "9"]
[White "Olivier, Jean Christophe"]
[Black "Neubauer, Martin"]
[Result "1-0"]
[WhiteElo "2421"]
[BlackElo "2304"]
[PlyCount "61"]
[EventDate "1999.04.??"]
[EventType "team-tourn"]
[EventRounds "9"]
[EventCountry "SUI"]
[Source "ChessBase"]
[SourceDate "1999.08.01"]

1. e4 Nf6 2. e5 Nd5 3. c4 Nb6 4. d4 d6 5. f4 dxe5 6. fxe5 Nc6 7. Be3 Bf5 8. Nc3
e6 9. Be2 Qd7 10. Nf3 O-O-O 11. Qd2 Na5 12. b3 Bb4 13. O-O c5 14. Rad1 cxd4 15.
Nxd4 Nc6 16. Nxc6 bxc6 17. Qc1 Qe7 18. c5 Bxc5 19. Na4 Nxa4 20. bxa4 Rxd1 21.
Rxd1 Bxe3+ 22. Qxe3 Qc7 23. Kh1 Kb8 24. Bf3 Rd8 25. Qb3+ Kc8 26. Rc1 Rd3 27.
Qb4 f6 28. exf6 gxf6 29. Bxc6 Rd6 30. Qc5 Be4 31. Bb7+ 1-0

[Event "Mitropa Cup 19th"]
[Site "Baden"]
[Date "1999.04.10"]
[Round "9"]
[White "Palac, Mladen"]
[Black "D'Amore, Carlo"]
[Result "1/2-1/2"]
[WhiteElo "2589"]
[BlackElo "2460"]
[Annotator "Wedberg"]
[PlyCount "48"]
[EventDate "1999.04.??"]
[EventType "team-tourn"]
[EventRounds "9"]
[EventCountry "SUI"]
[Source "ChessBase"]
[SourceDate "1999.08.01"]

1. e4 e5 2. Nf3 Nc6 3. Bb5 Nge7 4. O-O g6 5. c3 Bg7 6. d4 exd4 7. cxd4 d5 8.
exd5 Nxd5 9. Re1+ Be6 10. Bg5 (10. Bxc6+ {is also possible. The double c-P is
a major strategic motif in this line.}) 10... Qd6 11. Nbd2 (11. Nc3 O-O 12. Qd2
Nb8 $5 (12... a6 13. Ne4 Qb4 14. Bxc6 $14 {1/2-1/2 Klovans,J-Zinina,N/Cappelle
1995/EXT 97 (42)}) 13. Bh6 c6 14. Bf1 Nd7 {1/2-1/2 Pisk,P-Rogulj,B/Aschach
1997/CBM 63 ext (52) with a solid position for Black. It´s hard to see any
real advantage for White without the doubled c-Ps.}) 11... O-O 12. Nc4 (12. Ne4
Qb4 13. Bxc6 bxc6 14. Qc1 Rfe8 15. h3 Rab8 16. b3 Bf5 17. Bd2 $14 {1-0
Tiviakov,S-Sokolov,I/Wijk aan Zee 1995/CBM 45/[Wedberg] (44)}) 12... Qb4 13. a4
{Taking on c6 looks like the logical continuation, but if Black must play a6
now it might just be a different path to the same type of position with
doubled c-Ps.} (13. Bxc6 bxc6 14. Qc1 Rfe8 15. Bd2 Qb5 16. a4 Qa6 17. Nce5 $14
{0-1 Djordjevic,I-Stankovic,B/Nis 1993/EXT 97 (30)}) 13... a6 (13... Rfb8 $5
14. Rc1 Nd8 15. Bd2 Qf8 16. Ne3 a6 17. Bc4 Nxe3 18. fxe3 Bxc4 19. Rxc4 c6 20.
Bb4 $14 {1/2-1/2 Tsuboi,E-Nagashima,C/Sao Paulo 1995/EXT 97 (48)}) 14. Bxc6
bxc6 15. Nfe5 Rfe8 16. Rc1 Qb7 17. Bd2 Ne7 18. b4 c5 $6 {A P for nothing? Well,
not quite.} (18... Bd5 $14) 19. dxc5 Rad8 20. Qc2 Nf5 21. Na5 Qa8 22. Bc3 (22.
Nac6 $142 $1 {Following the rule of improving the position of the worst placed
minor piece.} Nd4 23. Nxd4 Rxd4 24. Bc3 Bf5 25. Qb2 $16) 22... Nd4 23. Qb2 (23.
Bxd4 Rxd4 $13) 23... Bxe5 24. Rxe5 Bh3 $1 {The play on the long diagonal is
dangerous. Black is rewarded for his daring P-sac.} (24... Bh3 25. f4 $8 Rxe5
26. fxe5 Nf3+ $1 27. gxf3 Qxf3 28. Qf2 Rd1+ $1 (28... Qxc3 $2 29. Qxf7+ Kxf7
30. Rxc3 $16) 29. Rxd1 Qxd1+ 30. Be1 Qg4+ 31. Qg3 Qd4+ {with perpetual check
on d4, d1, g4 and e4.}) 1/2-1/2

[Event "Mitropa Cup 19th"]
[Site "Baden"]
[Date "1999.04.10"]
[Round "9"]
[White "Pelletier, Yannick"]
[Black "Stangl, Markus"]
[Result "1/2-1/2"]
[WhiteElo "2483"]
[BlackElo "2545"]
[PlyCount "120"]
[EventDate "1999.04.??"]
[EventType "team-tourn"]
[EventRounds "9"]
[EventCountry "SUI"]
[Source "ChessBase"]
[SourceDate "1999.08.01"]

1. c4 c5 2. Nf3 Nf6 3. Nc3 b6 4. g3 Bb7 5. Bg2 e6 6. O-O a6 7. d4 cxd4 8. Qxd4
d6 9. b3 Nbd7 10. Rd1 Be7 11. e4 Qc8 12. Ba3 Nc5 13. e5 Bxf3 14. Bxf3 dxe5 15.
Qe3 Rb8 16. Rac1 O-O 17. b4 Ncd7 18. c5 bxc5 19. Na4 Nd5 20. Qd3 Qc6 21. Nxc5
Nxc5 22. bxc5 Rfd8 23. Qe4 Qc7 24. Qa4 a5 25. Rc4 f5 26. Rdc1 Rdc8 27. R4c2 e4
28. Be2 Qc6 29. Qc4 Nb4 30. Bxb4 Rxb4 31. Qa6 Qxa6 32. Bxa6 Rc6 33. Be2 Rb8 34.
Kg2 Rbc8 35. Bb5 Rxc5 36. Rxc5 Rxc5 37. Rxc5 Bxc5 38. Kf1 Kf7 39. Ke2 Kf6 40.
Bd7 Ke5 41. Bc8 Kd6 42. a4 h5 43. h3 Bd4 44. Ba6 Bf6 45. Bc8 g5 46. Ba6 Bd8 47.
Bc8 h4 48. gxh4 gxh4 49. Ba6 Ke5 50. Bc8 Kf6 51. Bd7 Bb6 52. Bc8 e5 53. Bd7 Kg5
54. Bc8 Kf4 55. Bd7 e3 56. f3 e4 57. fxe4 Kxe4 58. Bc8 Kf4 59. Bd7 Ke4 60. Bc8
f4 1/2-1/2

[Event "Mitropa Cup 19th"]
[Site "Baden"]
[Date "1999.04.10"]
[Round "9"]
[White "Sax, Gyula"]
[Black "Polak, Tomas"]
[Result "1/2-1/2"]
[WhiteElo "2524"]
[BlackElo "2488"]
[PlyCount "28"]
[EventDate "1999.04.??"]
[EventType "team-tourn"]
[EventRounds "9"]
[EventCountry "SUI"]
[Source "ChessBase"]
[SourceDate "1999.08.01"]

1. e4 c6 2. c4 d5 3. cxd5 cxd5 4. exd5 Nf6 5. Nc3 Nxd5 6. Nf3 e6 7. Bb5+ Bd7 8.
Bc4 Bc6 9. O-O Nxc3 10. bxc3 Bd6 11. d4 O-O 12. Bd3 Nd7 13. Re1 Qa5 14. Ng5 Nf6
1/2-1/2

[Event "Mitropa Cup 19th"]
[Site "Baden"]
[Date "1999.04.10"]
[Round "9"]
[White "Stohl, Igor"]
[Black "Pavasovic, Dusko"]
[Result "0-1"]
[WhiteElo "2573"]
[BlackElo "2502"]
[Annotator "Lutz,C"]
[PlyCount "62"]
[EventDate "1999.04.??"]
[EventType "team-tourn"]
[EventRounds "9"]
[EventCountry "SUI"]
[Source "ChessBase"]
[SourceDate "1999.08.01"]

1. c4 e6 2. Nf3 d5 3. d4 c6 4. Nc3 Nf6 5. e3 Nbd7 6. Bd3 dxc4 7. Bxc4 b5 8. Be2
a6 9. e4 b4 10. e5 bxc3 11. exf6 Nxf6 12. bxc3 Bd6 13. Nd2 Qc7 14. Nc4 Be7 15.
Bg5 O-O 16. Bf3 Nd5 (16... a5 17. Qd2 Nd5 18. Bxe7 Nxe7 19. Ne3 Ba6 20. Be2 c5
21. O-O Rfd8 22. Rfd1 cxd4 23. cxd4 Bxe2 24. Qxe2 Rac8 25. Qe1 Qa7 26. Rab1 h6
27. h3 Nd5 28. Rb3 Nb4 29. a3 Nc2 30. Nxc2 Rxc2 31. Qe4 {Benjamin,J-Gurevich,D/
USA-ch 1993/CBM 39/[Ftacnik]/0-1 (59)}) 17. Bxe7 Qxe7 18. Qd2 c5 $2 {[%tqu
"Wie kann Weiß in Vorteil kommen ?","","",Bxd5,"",0,Na5,"",10]} 19. Bxd5 $2 {
Weiß geht an einer besseren Möglichkeit vorbei.} (19. Na5 $1 {Dieser
überraschende Zug gewinnt Material. Wegen der Springergabel auf c6 kann der
Ra8 nicht ziehen, aber andererseits droht c3-c4.} c4 (19... cxd4 20. c4 $18) (
19... Rb8 20. Nc6 $18) (19... Ra7 20. Nc6 $18) (19... Bb7 20. Nxb7 Qxb7 21. c4
$18) (19... Bd7 20. c4 Rae8 21. cxd5 exd5+ 22. Kf1 $18) (19... Qc7 20. c4 Nb4
21. Bxa8 Qxa5 22. O-O $18) 20. Nxc4 a5 21. O-O Ba6 22. Bxd5 exd5 23. Rfe1 $16 {
nebst Ne3}) 19... exd5+ 20. Ne3 cxd4 21. cxd4 f5 22. O-O $2 {Weiß mußte den
f-Bauern unbedingt stoppen.} (22. f4 Re8 23. Kf2 Qd6 (23... g5 24. Rhe1) 24. g3
Re4 $13 {Der "schlechte" Läufer c8 ist nicht  so schlecht hier. Schwarz erhält
Gegenspiel gegen d4.} (24... g5 25. Ng2)) 22... f4 $1 23. Nxd5 Qd6 24. Nc3 f3
25. Rfe1 $2 {Weiß darf den Pf3 nicht leben lassen.} (25. Ne4 Qg6 26. Ng3 fxg2
$17 {Schwarz steht besser, aber die Partie ist noch nicht vorbei.} (26... h5
27. Qa5 $5 {/\ Qd5})) 25... Qg6 26. g3 Qf5 27. Nd1 Qh3 28. Ne3 Rf6 $2 (28...
Rf5 {ist genauer.} 29. Qd1 (29. Qb4 Rh5 $19) 29... Bb7 30. g4 Re8 {/\ ...Re3})
{[%tqu "Wie kann Weiß sich gegen die Mattdrohung wehren ?","","",Qd1,"",0,Qa5,
"",10]} 29. Qd1 $2 (29. Qa5 Be6 (29... Rh6 30. Qd5+) 30. Qe5 {und Weiß hat
noch die Möglichkeit g3-g4. Ich sehe keinen Gewinn für Schwarz.}) 29... Bg4 30.
Qb3+ Kh8 31. Qd5 Re8 {Es gibt keine Verteidigung gegen ...Rh6 bzw. ...Rxe3.}
0-1

[Event "Mitropa Cup 20th"]
[Site "Aymavilles"]
[Date "2000.11.18"]
[Round "1"]
[White "Grafl, Florian"]
[Black "Castaldo, Folco"]
[Result "1-0"]
[WhiteElo "2299"]
[BlackElo "2227"]
[PlyCount "49"]
[EventDate "2000.11.18"]
[EventType "team-tourn"]
[EventRounds "8"]
[EventCountry "ITA"]
[Source "ChessBase"]
[SourceDate "2001.01.11"]

1. e4 e6 2. d4 d5 3. Nc3 dxe4 4. Nxe4 Nd7 5. Nf3 Ngf6 6. Bg5 Be7 7. Nxf6+ Bxf6
8. h4 c5 9. Qd2 cxd4 10. Nxd4 Qb6 11. O-O-O O-O 12. Nb5 a6 13. Be3 Qc6 14. Nd6
Nb6 15. Bg5 Nd5 16. Bxf6 Nxf6 17. Rh3 e5 18. Rc3 Qa4 19. Bc4 Be6 20. Ra3 Qd7
21. Qg5 Bxc4 22. Nf5 Qxd1+ 23. Kxd1 Rfd8+ 24. Rd3 g6 25. Qxf6 1-0

[Event "Mitropa Cup 20th"]
[Site "Aymavilles"]
[Date "2000.11.18"]
[Round "1"]
[White "Kuemin, Simon"]
[Black "Zufic, Miroslav"]
[Result "1-0"]
[WhiteElo "2259"]
[BlackElo "2223"]
[PlyCount "95"]
[EventDate "2000.11.18"]
[EventType "team-tourn"]
[EventRounds "8"]
[EventCountry "ITA"]
[Source "ChessBase"]
[SourceDate "2001.01.11"]

1. d4 Nf6 2. c4 g6 3. Nc3 Bg7 4. e4 d6 5. Nf3 O-O 6. Be2 e5 7. O-O Na6 8. Re1
Qe8 9. Bg5 h6 10. Bxf6 Bxf6 11. c5 Bg7 12. Bxa6 bxa6 13. dxe5 dxe5 14. Nd5 Qd8
15. Qc2 Rb8 16. Rad1 Bg4 17. Ne3 Qc8 18. Nxg4 Qxg4 19. Rd5 Rfd8 20. Nxe5 Bxe5
21. Rxe5 c6 22. g3 Qd7 23. b3 Rb4 24. Qc3 Rd4 25. Rd5 Rxd5 26. exd5 Qxd5 27.
Qf6 Qd2 28. Re7 Qd1+ 29. Kg2 Qd5+ 30. Qf3 Qxf3+ 31. Kxf3 Rd2 32. Rc7 Rxa2 33.
Rxc6 Ra3 34. Rc8+ Kg7 35. Rb8 Ra2 36. Ke4 Rxf2 37. c6 Rc2 38. Kd5 g5 39. Kd6
Rd2+ 40. Ke7 Rc2 41. Kd7 Rd2+ 42. Kc8 Rd3 43. c7 f5 44. Rb4 Rc3 45. Rc4 Rxc4
46. bxc4 f4 47. gxf4 gxf4 48. Kb7 1-0

[Event "Mitropa Cup 20th"]
[Site "Aymavilles"]
[Date "2000.11.18"]
[Round "1"]
[White "Pinter, Erik"]
[Black "Colin, Vincent"]
[Result "1/2-1/2"]
[WhiteElo "2238"]
[BlackElo "2294"]
[PlyCount "115"]
[EventDate "2000.11.18"]
[EventType "team-tourn"]
[EventRounds "8"]
[EventCountry "ITA"]
[Source "ChessBase"]
[SourceDate "2001.01.11"]

1. e4 e5 2. Nf3 Nc6 3. Bb5 a6 4. Ba4 Nf6 5. O-O b5 6. Bb3 Be7 7. Re1 d6 8. c3
O-O 9. h3 Na5 10. Bc2 c5 11. d4 Qc7 12. Nbd2 Rd8 13. d5 c4 14. Nf1 Nb7 15. g4
a5 16. Kh2 Nc5 17. Ng3 g6 18. Rg1 Kh8 19. Ng5 Bf8 20. f4 exf4 21. Bxf4 Bg7 22.
Qd2 Rf8 23. Nf3 Ng8 24. e5 dxe5 25. d6 Qb7 26. Bxe5 f6 27. Bd4 Qxf3 28. Bxc5
Bh6 29. Qd4 Bb7 30. Raf1 Qc6 31. Be4 Qd7 32. Bxb7 Qxb7 33. d7 Rfd8 34. Rd1 Bg7
35. Bb6 f5 36. Qd6 f4 37. Nh5 gxh5 38. gxh5 Qe4 39. Rde1 Qf5 40. Rxg7 Kxg7 41.
h6+ Kf7 42. Rg1 Nxh6 43. Qxh6 Rg8 44. Rxg8 Rxg8 45. d8=N+ Rxd8 46. Bxd8 Qc2+
47. Kg1 Qc1+ 48. Kf2 Qxb2+ 49. Kf1 Qc1+ 50. Kf2 Qd2+ 51. Kf1 Qxd8 52. Qxh7+ Ke8
53. Qg8+ Ke7 54. Qg5+ Ke8 55. Qxb5+ Kf8 56. Qc5+ Kg7 57. Qe5+ Kh7 58. Qf5+
1/2-1/2

[Event "Mitropa Cup 20th"]
[Site "Aymavilles"]
[Date "2000.11.19"]
[Round "2"]
[White "Colin, Vincent"]
[Black "Grafl, Florian"]
[Result "0-1"]
[WhiteElo "2294"]
[BlackElo "2299"]
[PlyCount "86"]
[EventDate "2000.11.18"]
[EventType "team-tourn"]
[EventRounds "8"]
[EventCountry "ITA"]
[Source "ChessBase"]
[SourceDate "2001.01.11"]

1. e4 c5 2. Nf3 d6 3. d4 Nf6 4. Nc3 cxd4 5. Nxd4 g6 6. Be3 Bg7 7. f3 O-O 8. Qd2
Nc6 9. Bc4 Bd7 10. O-O-O Rc8 11. Bb3 Ne5 12. Kb1 Re8 13. g4 b5 14. g5 b4 15.
Nce2 Nh5 16. Ng3 Nxg3 17. hxg3 a5 18. Rh4 a4 19. Bd5 e6 20. Qh2 h5 21. gxh6 Bf6
22. Bb7 Rb8 23. Ba6 Qa5 24. Be2 b3 25. cxb3 axb3 26. a3 Rec8 27. f4 Nc4 28.
Bxc4 Rxc4 29. Qf2 Rc2 30. Rd2 Bxh4 31. gxh4 Rxd2 32. Bxd2 Qh5 33. Nf3 Bc6 34.
Qe3 Qxh6 35. Nd4 Qh5 36. Kc1 Qxh4 37. Be1 Qh1 38. e5 dxe5 39. Qxe5 Rc8 40. Kd2
Be4 41. f5 exf5 42. Ke2 Rc2+ 43. Nxc2 Qf3+ 0-1

[Event "Mitropa Cup 20th"]
[Site "Aymavilles"]
[Date "2000.11.19"]
[Round "2"]
[White "Costantini, Roberto"]
[Black "Pinter, Erik"]
[Result "1-0"]
[WhiteElo "2233"]
[BlackElo "2238"]
[PlyCount "73"]
[EventDate "2000.11.18"]
[EventType "team-tourn"]
[EventRounds "8"]
[EventCountry "ITA"]
[Source "ChessBase"]
[SourceDate "2001.01.11"]

1. e4 c5 2. Nf3 d6 3. d4 cxd4 4. Nxd4 Nf6 5. Nc3 Nc6 6. f3 e5 7. Nb3 Be7 8. Be3
Be6 9. Nd5 Bxd5 10. exd5 Nb8 11. a4 O-O 12. a5 Nh5 13. Be2 Bg5 14. Bf2 Nf4 15.
O-O f5 16. Re1 Bh4 17. Bxh4 Qxh4 18. g3 Nxe2+ 19. Qxe2 Qd8 20. Qb5 Qd7 21. Qa4
Rc8 22. c4 Qc7 23. Kh1 Nd7 24. Nd2 b5 25. axb6 Nxb6 26. Qa2 a5 27. Rac1 Nxd5
28. c5 Qb7 29. Nc4 Rxc5 30. Nxd6 Qb4 31. Red1 Kf8 32. Rxc5 Qxc5 33. Qxd5 Qxd5
34. Rxd5 Ke7 35. Nc4 Rc8 36. Rxe5+ Kf6 37. Rxf5+ 1-0